Prienik manažmentu a marketingu do činnosti územnej samosprávy bakalárska práca

Na minha lista:
Detalhes bibliográficos
Autor principal: Boledovičová, Eva
Autor Corporativo: Národohospodárska fakulta EU. Katedra verejnej správy a regionálneho rozvoja
Outros Autores: Búšik, Jozef
Formato: Livro
Idioma:eslovaco
Publicado em: Bratislava 2011
Tags: Adicionar Tag
Sem tags, seja o primeiro a adicionar uma tag!

MARC

LEADER 00000nbm a2200000 4500
001 0139726
005 20161109111641.8
041 0 |a slo 
044 |a SK 
245 1 0 |a Prienik manažmentu a marketingu do činnosti územnej samosprávy  |b bakalárska práca  |c Eva Boledovičová ; školiteľ: Jozef Búšik 
264 1 |a Bratislava  |c 2011 
300 |a 65 s. 
100 1 |a Boledovičová, Eva 
700 1 |a Búšik, Jozef 
710 2 |a Národohospodárska fakulta EU. Katedra verejnej správy a regionálneho rozvoja